00623nam a2200169Ia 4500999001700000082001800017245007800035260005400113300001500167650003100182650003700213700001900250700001900269710003900288942000700327952011900334 c18570d18570 a614.546 CEN-S 0aProceedings of the national seminar on Social science research on leprosy aHindinagarbGandhi Memorial Leprosy Foundationc0 aiii, 118p. aSocial sciences - Research aLeprosy - Research - Maharashtra aMorankar, S.N. aMutatkar, R.K. aSocial science research on leprosy cBK 00104070aNASSDOCbNASSDOCd2004-06-08i2004-10-22l0o614.546 CEN-Sp27908r2019-04-18 00:00:00w2019-04-18yBK